Normal view MARC view
  • lewis c.s

Entry Personal Name

Number of records used in: 1

001 - CONTROL NUMBER

  • control field: 7250

003 - CONTROL NUMBER IDENTIFIER

  • control field: OSt

005 - DATE AND TIME OF LATEST TRANSACTION

  • control field: 20190618102505.0

008 - FIXED-LENGTH DATA ELEMENTS

  • fixed length control field: 190618|| aca||aabn | a|a d

040 ## - CATALOGING SOURCE

  • Original cataloging agency: OSt
  • Transcribing agency: OSt

100 ## - HEADING--PERSONAL NAME

  • Personal name: lewis c.s

670 ## - SOURCE DATA FOUND

  • Source citation: Work cat.: (OSt): lewis c.s , the lion , and The war , 1994

Powered by Koha